| 000 | 00479nam a22001577a 4500 | ||
|---|---|---|---|
| 003 | OSt | ||
| 005 | 20251121105644.0 | ||
| 008 | 251121b |||||||| |||| 00| 0 eng d | ||
| 020 | _a9781483369341 | ||
| 040 |
_aDWCL-Main lib _cOC |
||
| 082 | _aCirc. 300.72 I24j 2017 | ||
| 245 |
_aText mining: _ba guide for the social science/ |
||
| 260 |
_aLos Angeles: _bSage publication, _cc2017. |
||
| 300 |
_axvi, 188 pages : _b illustrations ; _c23cm. |
||
| 942 |
_2ddc _cBK-CIRC _kCirc. _n0 |
||
| 999 |
_c5979 _d5979 |
||